[Event "Sarajevo Bosna op 47th"]
[Site "Sarajevo"]
[Date "2017.05.14"]
[Round "2"]
[White "Halilovic, Fahrudin"]
[Black "Johnen, Franz"]
[Result "1-0"]
[WhiteElo "2032"]
[BlackElo "1707"]
[PlyCount "45"]
[EventDate "2017.05.13"]
[EventType "swiss"]
[EventRounds "9"]
[EventCountry "BIH"]
[SourceTitle "CBM 178 Extra"]
[Source "ChessBase"]
[SourceDate "2017.06.22"]
[SourceVersion "1"]
[SourceVersionDate "2017.06.22"]
[SourceQuality "1"]

1. e4 c5 2. d3 Nc6 3. g3 Nf6 4. Bg2 d6 5. c3 e5 6. Na3 Be7 7. Nc2 0-0 8. Nf3 Be6 9. 0-0 h6 10. Ne3 Nh7 11. Nd5 Bxd5 12. exd5 Nb8 13. d4 Nd7 14. dxc5 dxc5 15. Re1 Bd6 16. c4 a6 17. b3 Rb8 18. Bb2 Re8 19. Nh4 g6 20. Qd2 Qg5 21. Qc3 f6 22. Bc1 Qh5 23. Bf3 1-0

[Event "GER-chB Seniors 28th"]
[Site "Niederhausen"]
[Date "2016.08.21"]
[Round "9"]
[White "Weyand, Fernand"]
[Black "Johnen, Franz"]
[Result "1/2-1/2"]
[WhiteElo "1848"]
[BlackElo "1698"]
[PlyCount "67"]
[EventDate "2016.08.13"]
[EventType "swiss"]
[EventRounds "9"]
[EventCountry "GER"]
[SourceTitle "EXT 2019"]
[Source "ChessBase"]
[SourceDate "2018.10.10"]
[SourceVersion "1"]
[SourceVersionDate "2018.10.10"]
[SourceQuality "1"]

1. e4 c5 2. Nc3 e6 3. f4 Be7 4. Nf3 d6 5. Bb5+ Nc6 6. d3 Bd7 7. 0-0 a6 8. Bxc6 Bxc6 9. Be3 Nf6 10. Bf2 Ng4 11. Bg3 Ne3 12. Qd2 Nxf1 13. Rxf1 0-0 14. Nd1 f5 15. Nf2 Bf6 16. c3 b5 17. Qe2 Qd7 18. Nh3 h6 19. Bh4 Qf7 20. Be1 Rfe8 21. Nf2 d5 22. e5 Be7 23. Nd2 b4 24. c4 Red8 25. b3 Qg6 26. Nh1 Rd7 27. Ng3 Rad8 28. Bf2 dxc4 29. Nxc4 Rxd3 30. Nd6 Rd5 31. Qxa6 Ba8 32. Ndxf5 Bf8 33. Ne3 R5d7 34. f5 1/2-1/2

[Event "Sarajevo Bosna op 46th"]
[Site "Sarajevo"]
[Date "2016.05.30"]
[Round "4"]
[White "Nikolovska, Dragana"]
[Black "Johnen, Franz"]
[Result "1/2-1/2"]
[WhiteElo "1875"]
[BlackElo "1693"]
[PlyCount "92"]
[EventDate "2016.05.28"]
[EventType "swiss"]
[EventRounds "9"]
[EventCountry "BIH"]
[SourceTitle "EXT 2019"]
[Source "ChessBase"]
[SourceDate "2018.10.10"]
[SourceVersion "1"]
[SourceVersionDate "2018.10.10"]
[SourceQuality "1"]

1. e4 e5 2. Nf3 d6 3. d4 exd4 4. Nxd4 Nf6 5. Nc3 Be7 6. g3 0-0 7. Bg2 c6 8. 0-0 Nbd7 9. Nf5 Ne5 10. Nxe7+ Qxe7 11. h3 h6 12. b3 b6 13. Ba3 Rd8 14. f4 Ng6 15. e5 Ne8 16. Ne4 Ba6 17. Re1 Rac8 18. Nxd6 Nxd6 19. Bxd6 Qd7 20. Qf3 Ne7 21. Rad1 Qe6 22. Rd2 Nf5 23. Red1 c5 24. c3 Rd7 25. Qf2 Bb7 26. Bxb7 Rxb7 27. g4 Nxd6 28. Rxd6 Qe8 29. R1d5 Re7 30. Qd2 Qb5 31. c4 Qa6 32. f5 Qb7 33. e6 fxe6 34. fxe6 Rce8 35. Qf4 Qc7 36. Qe4 Rf8 37. Kg2 Qc8 38. Rd7 Rfe8 39. Qe5 Qc6 40. Kg3 Qxe6 41. Qxe6+ Rxe6 42. Rxa7 Re3+ 43. Kf4 R8e4+ 44. Kf5 Re6 45. g5 hxg5 46. Kxg5 Rxh3 1/2-1/2

[Event "GER-chB Seniors 27th"]
[Site "Magdeburg"]
[Date "2015.08.23"]
[Round "9"]
[White "Josting, Friedel"]
[Black "Johnen, Franz"]
[Result "1-0"]
[WhiteElo "1942"]
[BlackElo "1698"]
[PlyCount "126"]
[EventDate "2015.08.15"]
[EventType "swiss"]
[EventRounds "9"]
[EventCountry "GER"]
[SourceTitle "EXT 2018"]
[Source "ChessBase"]
[SourceDate "2017.10.13"]
[SourceVersion "1"]
[SourceVersionDate "2017.10.13"]
[SourceQuality "1"]

1. d4 d5 2. Nf3 e6 3. e3 c5 4. c3 Nc6 5. a4 Nf6 6. Bd3 Be7 7. 0-0 h6 8. Nbd2 a6 9. Re1 0-0 10. Nf1 Qc7 11. h3 b6 12. Bd2 Bb7 13. N1h2 Bd6 14. Ng4 Nxg4 15. hxg4 e5 16. dxe5 Nxe5 17. Nxe5 Bxe5 18. Rc1 Qc6 19. e4 d4 20. Qe2 dxc3 21. bxc3 Qf6 22. Rf1 Bf4 23. Bxf4 Qxf4 24. Qf3 Qc7 25. Qe2 Rfe8 26. Rfe1 Re7 27. f3 a5 28. Rb1 Rd8 29. Bc4 Red7 30. Red1 Bc6 31. Bb3 Qf4 32. Rxd7 Rxd7 33. Rd1 Rxd1+ 34. Bxd1 Qd6 35. Bb3 Qd7 36. Qc4 g5 37. Kh1 Kg7 38. Kg1 Qe7 39. Kf1 Bd7 40. Qd5 Be6 41. Qe5+ Qf6 42. Qxf6+ Kxf6 43. Bxe6 Kxe6 44. Ke2 c4 45. Ke3 Ke5 46. g3 b5 47. axb5 a4 48. Kd2 Kd6 49. f4 Kc5 50. e5 Kxb5 51. f5 Kc6 52. Kc2 Kd5 53. Kb2 Kxe5 54. Ka3 h5 55. gxh5 Kxf5 56. Kxa4 g4 57. Kb4 Kg5 58. Kxc4 f5 59. Kd3 Kxh5 60. Ke3 Kg5 61. c4 f4+ 62. gxf4+ Kf5 63. c5 g3 1-0

[Event "GER-chB Seniors 27th"]
[Site "Magdeburg"]
[Date "2015.08.16"]
[Round "2"]
[White "Johnen, Franz"]
[Black "Baumast, Bernd"]
[Result "0-1"]
[WhiteElo "1698"]
[BlackElo "1541"]
[PlyCount "68"]
[EventDate "2015.08.15"]
[EventType "swiss"]
[EventRounds "9"]
[EventCountry "GER"]
[SourceTitle "EXT 2018"]
[Source "ChessBase"]
[SourceDate "2017.10.13"]
[SourceVersion "1"]
[SourceVersionDate "2017.10.13"]
[SourceQuality "1"]

1. d4 c6 2. c4 Nf6 3. Nc3 d5 4. e3 Bg4 5. Qb3 Qb6 6. h3 Bf5 7. Nf3 e6 8. Be2 Nbd7 9. Bd2 Be7 10. Rc1 0-0 11. 0-0 Qxb3 12. axb3 Ne4 13. cxd5 Nxd2 14. Nxd2 cxd5 15. Bb5 Nf6 16. g4 Bg6 17. f4 h6 18. Nf3 a6 19. Be2 b5 20. Ne5 Ra7 21. Ra1 Rc8 22. Bxb5 Bc2 23. Ba4 Rb7 24. Rf2 Bxb3 25. Bxb3 Rxb3 26. Rxa6 Rb7 27. Kg2 Bb4 28. Rc6 Rxc6 29. Nxc6 Bxc3 30. bxc3 Rc7 31. Ne5 Rxc3 32. Kf3 Rc7 33. Rb2 Nd7 34. Rb8+ Nxb8 0-1

[Event "Sarajevo Bosna op 45th"]
[Site "Sarajevo"]
[Date "2015.05.30"]
[Round "1"]
[White "Johnen, Franz"]
[Black "Szostko, Jakub"]
[Result "0-1"]
[WhiteElo "1717"]
[BlackElo "2153"]
[PlyCount "70"]
[EventDate "2015.05.30"]
[EventType "swiss"]
[EventRounds "9"]
[EventCountry "BIH"]
[SourceTitle "CBM 166 Extra"]
[Source "ChessBase"]
[SourceDate "2015.06.18"]
[SourceVersion "1"]
[SourceVersionDate "2015.06.18"]
[SourceQuality "1"]

1. d4 Nf6 2. Nf3 g6 3. e3 Bg7 4. c4 0-0 5. Nc3 c5 6. Be2 cxd4 7. Nxd4 d5 8. 0-0 dxc4 9. Bxc4 Qc7 10. Be2 a6 11. Bf3 Rd8 12. Qb3 Nbd7 13. Rd1 Nc5 14. Qc2 e5 15. Nb3 Bf5 16. e4 Ncxe4 17. Rxd8+ Rxd8 18. Be3 Nd2 19. Qd1 Nxf3+ 20. Qxf3 e4 21. Qf4 Qc8 22. Rc1 Rd3 23. h3 Qe8 24. g4 Bd7 25. Nc5 Nd5 26. Nxd5 Rxd5 27. Nxd7 Rxd7 28. Rc2 Be5 29. Qg5 Rd5 30. Kg2 Qd7 31. Rd2 f6 32. Qh6 Qc6 33. h4 Rxd2 34. Bxd2 e3+ 35. f3 exd2 0-1

[Event "GER-chB Seniors 26th"]
[Site "Bad Neuenahr"]
[Date "2014.08.09"]
[Round "5"]
[White "Haakert, Karl"]
[Black "Johnen, Franz"]
[Result "1-0"]
[WhiteElo "1887"]
[BlackElo "1719"]
[PlyCount "67"]
[EventDate "2014.08.05"]
[EventType "swiss"]
[EventRounds "9"]
[EventCountry "GER"]
[SourceTitle "EXT 2018"]
[Source "ChessBase"]
[SourceDate "2017.10.13"]
[SourceVersion "1"]
[SourceVersionDate "2017.10.13"]
[SourceQuality "1"]

1. e4 c5 2. d4 cxd4 3. c3 Nc6 4. Nf3 d5 5. exd5 Qxd5 6. cxd4 e6 7. Nc3 Bb4 8. Bd2 Bxc3 9. Bxc3 Nf6 10. Bd3 Ne4 11. 0-0 0-0 12. Qc2 Nf6 13. Rfe1 b6 14. Ng5 h6 15. Ne4 Nxd4 16. Nxf6+ gxf6 17. Qd2 Nf5 18. Qe2 Bb7 19. Qg4+ Kh7 20. Be4 Qd7 21. Rad1 Qc8 22. Bxf6 Rg8 23. Qf3 Bxe4 24. Qxe4 Rg6 25. Bc3 Qg8 26. g3 h5 27. Rd7 h4 28. Rxf7+ Qxf7 29. Qxa8 Rg8 30. Qe4 hxg3 31. hxg3 Rg6 32. Kg2 Qd7 33. Rh1+ Nh6 34. Rxh6+ 1-0

[Event "Cologne Longerich op-B 12th"]
[Site "Cologne"]
[Date "2013.07.22"]
[Round "4"]
[White "Johnen, Franz"]
[Black "Biermann, Florian"]
[Result "1/2-1/2"]
[WhiteElo "1565"]
[BlackElo "1290"]
[PlyCount "106"]
[EventDate "2013.07.19"]
[EventType "tourn"]
[EventRounds "5"]
[EventCountry "GER"]
[SourceTitle "EXT 2017"]
[Source "ChessBase"]
[SourceDate "2016.10.25"]
[SourceVersion "1"]
[SourceVersionDate "2016.10.25"]
[SourceQuality "1"]

1. d4 Nf6 2. c4 g6 3. Nf3 Bg7 4. e3 d6 5. Be2 0-0 6. 0-0 Nbd7 7. Nc3 e5 8. d5 Nc5 9. b4 Nce4 10. Nxe4 Nxe4 11. Bb2 b6 12. Rc1 Ng5 13. Nd2 f5 14. f4 Nf7 15. Qc2 Ba6 16. Nb3 Qe7 17. Rf3 Rae8 18. g3 Nh6 19. c5 Bxe2 20. Qxe2 exf4 21. Bxg7 Kxg7 22. cxb6 cxb6 23. gxf4 Qe4 24. Rc7+ Rf7 25. Qb2+ Kg8 26. Rxf7 Kxf7 27. Rh3 Re7 28. Rxh6 Qxe3+ 29. Qf2 Qxf2+ 30. Kxf2 Kg7 31. Rh4 Rc7 32. Nd4 Rc4 33. Ne6+ Kg8 34. Rh3 Rxb4 35. Ra3 a5 36. Rb3 Rxb3 37. axb3 Kf7 38. Ke3 Kf6 39. Kd4 h6 40. h4 b5 41. Nc7 a4 42. bxa4 bxa4 43. Nb5 g5 44. hxg5+ hxg5 45. fxg5+ Kxg5 46. Nxd6 a3 47. Kc3 a2 48. Kb2 a1Q+ 49. Kxa1 Kf6 50. Nc4 f4 51. Kb2 f3 52. Kc2 f2 53. Ne3 Ke5 1/2-1/2

[Event "Maastricht Limburg op-B 7th"]
[Site "Maastricht"]
[Date "2013.05.17"]
[Round "1"]
[White "Ramaekers, Philippe1"]
[Black "Johnen, Franz"]
[Result "1-0"]
[WhiteElo "1913"]
[BlackElo "1757"]
[PlyCount "61"]
[EventDate "2013.05.17"]
[EventType "swiss"]
[EventRounds "7"]
[EventCountry "NED"]
[SourceTitle "EXT 2014"]
[Source "ChessBase"]
[SourceDate "2013.11.20"]
[SourceVersion "1"]
[SourceVersionDate "2013.11.20"]
[SourceQuality "1"]

1. e4 c6 2. d4 d5 3. e5 e6 4. f4 g6 5. Bd3 Ne7 6. Nf3 Bg7 7. 0-0 0-0 8. c3 b6 9. h4 f5 10. exf6 Bxf6 11. h5 Nf5 12. hxg6 hxg6 13. g4 Ne7 14. Ne5 Kg7 15. Nf3 Kg8 16. Qe1 Qc7 17. Be3 c5 18. Nbd2 c4 19. Bc2 Nbc6 20. Nh4 Kf7 21. Ndf3 Bd7 22. Ne5+ Bxe5 23. fxe5+ Kg7 24. Qd2 Rh8 25. Bg5 Kh7 26. Rf7+ Kg8 27. Raf1 Be8 28. Rf8+ Kh7 29. Rxh8+ Kxh8 30. Bf6+ Kh7 31. Qg5 1-0

[Event "Hessen-chB"]
[Site "Korbach"]
[Date "2013.03.30"]
[Round "6"]
[White "Johnen, Franz"]
[Black "Heidenreich, Gundolf"]
[Result "1-0"]
[WhiteElo "1764"]
[BlackElo "1429"]
[PlyCount "55"]
[EventDate "2013.03.27"]
[EventType "swiss"]
[EventRounds "7"]
[EventCountry "GER"]
[SourceTitle "EXT 2014"]
[Source "ChessBase"]
[SourceDate "2013.11.20"]
[SourceVersion "1"]
[SourceVersionDate "2013.11.20"]
[SourceQuality "1"]

1. d4 e6 2. c4 c5 3. e3 Nc6 4. Nf3 Nf6 5. Nc3 b6 6. Be2 Bb7 7. 0-0 d6 8. d5 exd5 9. cxd5 Ne5 10. e4 Qe7 11. Bg5 h6 12. Nxe5 dxe5 13. Bb5+ Kd8 14. Bh4 Qd6 15. Bg3 Nd7 16. f4 f6 17. Qg4 a6 18. Bc6 Rb8 19. Rad1 Bc8 20. Qe6 Be7 21. Qf7 Kc7 22. Qxg7 Bb7 23. Bxd7 Kxd7 24. fxe5 fxe5 25. Qxe5 Qxe5 26. Bxe5 Rbf8 27. Bxh8 Rxh8 28. Rf7 1-0